000 00604nam a2200193Ii 4500
003 JO-AjNU
008 230606s9999||||xx |||||||||||||| ||und||
020 _a0-75070-127-7
040 _aJO-AjNU
_beng
_erda
_cJO-AjNU
041 _aeng
050 1 4 _aLB2173 1993
100 3 _aEdited Elliot, John,
_eauthor
_95857
245 0 0 _aReconstructing Teacher Education: Teacher Development
264 3 1 _aLondon: TheFlamers press, 1993
300 _a264p
_bIncludes references indexes (260-264p)
336 _atext
_btxt
_2rdacontent
337 _aunmediated
_bn
_2rdamedia
338 _avolume
_bnc
_2rdacarrier
999 _aE3038
_c3035
_d3035